[Event "Tilburg rapid20"]
[Site "Tilburg"]
[Date "1994.??.??"]
[Round "3"]
[White "Dreev, Alexey"]
[Black "Epishin, Vladimir"]
[Result "1-0"]
[WhiteElo "2650"]
[BlackElo "2650"]

1.d4 Nf6 2.c4 e6 3.Nf3 d5 4.Nc3 Nbd7 5.Bg5 Be7 6.e3 h6 7.Bh4 O-O 8.Rc1 dxc4
9.Bxc4 c5 10.O-O a6 11.a4 cxd4 12.exd4 Nb6 13.Bb3 Nbd5 14.Ne5 Nb4 15.Qd2 a5
16.Rfe1 b6 17.Nb5 Ne4 18.Qf4 Bxh4 19.Qxe4 Rb8 20.g3 Bf6 21.Nxf7 Rxf7 22.Rxc8 Qxc8
23.Nd6 Qc7 24.Nxf7 Kf8 25.Qxe6 Bxd4 26.Ne5 Bxe5 27.Rxe5  1-0

[Event "Biel"]
[Site "Biel"]
[Date "1995.??.??"]
[Round "1"]
[White "Gelfand, Boris"]
[Black "Dreev, Alexey"]
[Result "1/2-1/2"]
[WhiteElo "2685"]
[BlackElo "2670"]

1.d4 d5 2.c4 c6 3.Nc3 Nf6 4.Nf3 e6 5.e3 Nbd7 6.Bd3 dxc4 7.Bxc4 b5 8.Bd3 Bb7
9.O-O a6 10.e4 c5 11.d5 Qc7 12.Bc2 Be7 13.dxe6 fxe6 14.Ng5 Qc6 15.f4 h6 16.Nf3 O-O-O
17.Qe2 Rhf8 18.e5 Nd5 19.Nxd5 Qxd5 20.a4 b4 21.Be3 Nb6 22.Nd2 Qc6 23.Nb3 Nc4  1/2-1/2

[Event "Biel"]
[Site "Biel"]
[Date "1995.??.??"]
[Round "2"]
[White "Dreev, Alexey"]
[Black "Shirov, Alexei"]
[Result "1-0"]
[WhiteElo "2670"]
[BlackElo "2695"]

1.d4 Nf6 2.c4 g6 3.Nc3 Bg7 4.e4 d6 5.f3 O-O 6.Bg5 c5 7.d5 Qa5 8.Bd2 e6 9.Nge2 exd5
10.Nxd5 Qd8 11.Bg5 Qa5+ 12.b4 Qd8 13.bxc5 Qa5+ 14.Bd2 Qd8 15.cxd6 Nxd5 16.cxd5 Bxa1
17.Qxa1 Re8 18.Qd4 f6 19.Nc3 a6 20.Qb4 b5 21.Be3 Nd7 22.Be2 Ne5 23.O-O Bd7
24.f4 Nf7 25.Bc5 Rc8 26.Qd4 Rxc5 27.Qxc5 Bc8 28.a4 Qxd6 29.Qxd6 Nxd6 30.axb5 Nxe4
31.Nxe4 Rxe4 32.Rc1 Bf5 33.Bd3 Ra4 34.Bxf5 gxf5 35.b6  1-0

[Event "Biel"]
[Site "Biel"]
[Date "1995.??.??"]
[Round "3"]
[White "Zvjaginsev, Vadim"]
[Black "Dreev, Alexey"]
[Result "1/2-1/2"]
[WhiteElo "2600"]
[BlackElo "2670"]

1.d4 d5 2.c4 c6 3.e3 Nf6 4.Nc3 a6 5.Bd3 dxc4 6.Bxc4 b5 7.Bb3 e6 8.Nf3 c5
9.O-O Bb7 10.Re1 Nc6 11.d5 Nxd5 12.Nxd5 c4 13.Bxc4 bxc4 14.e4 Bb4 15.Bg5 f6
16.Bd2 Bxd2 17.Qxd2 O-O 18.Nf4 e5 19.Nd5 Ne7 20.Nxe7+ Qxe7 21.Rac1 Rac8  1/2-1/2

[Event "Biel"]
[Site "Biel"]
[Date "1995.??.??"]
[Round "4"]
[White "Dreev, Alexey"]
[Black "Milov, Vadim"]
[Result "1-0"]
[WhiteElo "2670"]
[BlackElo "2570"]

1.d4 Nf6 2.c4 e6 3.Nc3 c5 4.d5 exd5 5.cxd5 d6 6.Nf3 g6 7.e4 a6 8.h3 b5 9.Bd3 Bg7
10.O-O O-O 11.Bf4 Re8 12.Re1 b4 13.Na4 Bd7 14.a3 a5 15.Bxd6 c4 16.Bxc4 Nxe4
17.Bf4 Na6 18.d6 Qf6 19.Be3 Nxd6 20.Bxa6 Bxa4 21.Qxa4 Rxa6 22.Bg5 Rxe1+ 23.Rxe1 Qf5
24.Re8+ Nxe8 25.Qxe8+ Bf8 26.Be7 h6 27.Qxf8+ Kh7 28.Bc5 g5 29.Bd4 f6 30.Qf7+ Kh8
31.Ne5  1-0

[Event "Biel"]
[Site "Biel"]
[Date "1995.??.??"]
[Round "5"]
[White "Gavrikov, Viktor"]
[Black "Dreev, Alexey"]
[Result "1/2-1/2"]
[WhiteElo "2605"]
[BlackElo "2670"]

1.c4 c6 2.e4 d5 3.exd5 cxd5 4.d4 Nf6 5.Nc3 Nc6 6.Nf3 Bg4 7.cxd5 Nxd5 8.Qb3 Bxf3
9.gxf3 e6 10.Qxb7 Nxd4 11.Bb5+ Nxb5 12.Qc6+ Ke7 13.Qxb5 Qd7 14.Nxd5+ Qxd5
15.Bg5+ f6 16.Qxd5 exd5 17.Be3 Ke6 18.O-O-O Bb4 19.Rhg1 g5 20.a3 Bd6 21.Rge1 Be5
22.h4 h6 23.hxg5 hxg5 24.Re2 Rh3 25.Bxg5 Rc8+ 26.Kb1 Rxf3 27.Be3 a5 28.Ka2 a4
29.Kb1 Rb8 30.Ka2 Rb5 31.Kb1 Kf5 32.Kc1 Rh3 33.Kb1 Rh2 34.Bd4 Rh4 35.Red2 Ke6
36.Ka2 Rf4 37.Be3 Re4 38.Kb1 f5 39.Kc1 Rc4+ 40.Kb1 Re4 41.Kc1 Rb3 42.Kb1 f4
43.Ba7 f3 44.Be3 Kf5 45.Bd4 Re2 46.Bxe5 Rxd2 47.Rxd2 Kxe5 48.Kc2 d4 49.Rd1 Ke4
50.Rh1 Rb8 51.Rh4+ Ke5 52.Rh5+ Ke4 53.Rh4+ Ke5 54.Rh5+ Ke4 55.Rh4+ Ke5  1/2-1/2

[Event "Biel"]
[Site "Biel"]
[Date "1995.??.??"]
[Round "6"]
[White "Dreev, Alexey"]
[Black "De Firmian, Nick E"]
[Result "1-0"]
[WhiteElo "2670"]
[BlackElo "2605"]

1.d4 Nf6 2.c4 e6 3.Nf3 c5 4.d5 exd5 5.cxd5 d6 6.Nc3 g6 7.e4 Bg7 8.h3 O-O
9.Bd3 b5 10.Nxb5 Re8 11.O-O Nxe4 12.Re1 a6 13.Na3 Nf6 14.Rxe8+ Nxe8 15.Bg5 Bf6
16.Qd2 Nd7 17.Nc4 Bb7 18.Be4 Bxg5 19.Nxg5 Ndf6 20.Re1 h6 21.Nxf7 Kxf7 22.Qxh6 Ng7
23.Bxg6+ Kg8 24.Re6 Bxd5 25.Rxd6 Bxc4 26.Rxd8+ Rxd8 27.Qh4  1-0

[Event "Biel"]
[Site "Biel"]
[Date "1995.??.??"]
[Round "7"]
[White "Campora, Daniel H"]
[Black "Dreev, Alexey"]
[Result "0-1"]
[WhiteElo "2550"]
[BlackElo "2670"]

1.e4 e6 2.d4 d5 3.e5 c5 4.c3 Nc6 5.Nf3 Bd7 6.Be2 Nge7 7.Na3 cxd4 8.cxd4 Nf5
9.Nc2 Nb4 10.O-O Nxc2 11.Qxc2 Qb6 12.Qd3 Rc8 13.Rd1 h6 14.h4 a6 15.a4 Bb4
16.h5 Ne7 17.Qe3 Nc6 18.Bd3 Na5 19.Bb1 Be7 20.Ra2 Nb3 21.Bd2 Nxd2 22.Nxd2 Qb4
23.a5 Ba4 24.b3 Bb5 25.f4 Rc3 26.Qf2 Kd7 27.f5 Rhc8 28.f6 gxf6 29.exf6 Bd6
30.Nf3 Rc1 31.Rd2 Qxb3  0-1

[Event "Biel"]
[Site "Biel"]
[Date "1995.??.??"]
[Round "8"]
[White "Dreev, Alexey"]
[Black "Tkachiev, Vladislav"]
[Result "1/2-1/2"]
[WhiteElo "2670"]
[BlackElo "2605"]

1.d4 Nf6 2.c4 g6 3.Nc3 Bg7 4.e4 d6 5.f3 O-O 6.Bg5 a6 7.Qd2 c5 8.d5 Qa5 9.a4 e6
10.dxe6 Bxe6 11.Nd5 Qxd2+ 12.Kxd2 Nbd7 13.Ne2 h6 14.Bh4 b5 15.Nc7 bxc4 16.Nxa8 Rxa8
17.Bg3 d5 18.Nf4 g5 19.Nxe6  1/2-1/2

[Event "Biel"]
[Site "Biel"]
[Date "1995.??.??"]
[Round "10"]
[White "Dreev, Alexey"]
[Black "Kindermann, Stefan"]
[Result "1/2-1/2"]
[WhiteElo "2670"]
[BlackElo "2565"]

1.d4 f5 2.g3 Nf6 3.Bg2 g6 4.Nf3 Bg7 5.b3 O-O 6.Bb2 d6 7.O-O Ne4 8.c4 Nc6
9.Nbd2 Nxd2 10.Qxd2 e5 11.dxe5 dxe5 12.Qd5+ Kh8 13.e4 Qe7 14.exf5 Rd8 15.Qe4 Bxf5
16.Qh4 Bf6 17.Qh6 Bg7 18.Qg5 Bf6 19.Qh6 Bg7 20.Qc1 Nb4 21.Qg5 Re8 22.Bc3 a5
23.Qxe7 Rxe7 24.Rfd1 e4 25.Bxg7+ Kxg7 26.Nd4 Kf6 27.a3 Nd3 28.Nc2  1/2-1/2

[Event "Biel"]
[Site "Biel"]
[Date "1995.??.??"]
[Round "11"]
[White "Brunner, Lucas"]
[Black "Dreev, Alexey"]
[Result "1/2-1/2"]
[WhiteElo "2530"]
[BlackElo "2670"]

1.c4 c6 2.e4 d5 3.exd5 cxd5 4.d4 Nf6 5.Nc3 Nc6 6.Nf3 Be6 7.c5 a6 8.h3 Bf5
9.Be2 g6 10.O-O Bg7 11.Bf4 O-O 12.Ne5 Nd7 13.Nxd5 Ndxe5  1/2-1/2

[Event "Biel"]
[Site "Biel"]
[Date "1995.??.??"]
[Round "12"]
[White "Dreev, Alexey"]
[Black "Timman, Jan H"]
[Result "1/2-1/2"]
[WhiteElo "2670"]
[BlackElo "2590"]

1.d4 d5 2.c4 e6 3.Nc3 Bb4 4.cxd5 exd5 5.Nf3 c6 6.Bg5 Be7 7.Bxe7 Qxe7 8.e3 Bf5
9.Qb3 Nf6 10.Nh4 Be6 11.Bd3  1/2-1/2

[Event "RUS-ch"]
[Site "Elista"]
[Date "1995.??.??"]
[Round "3"]
[White "Kharlov, Andrei"]
[Black "Dreev, Alexey"]
[Result "1-0"]
[WhiteElo "2555"]
[BlackElo "2670"]

1.c4 e6 2.d4 f5 3.g3 Nf6 4.Bg2 c6 5.b3 d5 6.Nf3 Bd6 7.O-O Qe7 8.a4 a5 9.Ba3 Bxa3
10.Nxa3 Nbd7 11.Nc2 b6 12.Ne5 Nxe5 13.dxe5 Nd7 14.cxd5 cxd5 15.f4 Nc5 16.Nd4 O-O
17.Qd2 Bd7 18.b4 Na6 19.bxa5 bxa5 20.Qxa5 Nb4 21.Qc7 Rfc8 22.Qb6 Rcb8 23.Qd6 Qxd6
24.exd6 Nc6 25.Nxc6 Bxc6 26.a5 Bb5 27.Rfb1 Kf7 28.a6 Bc4 29.Rxb8 Rxb8 30.Ra4 Bxe2
31.a7 Ra8 32.Bf1 Bxf1 33.Kxf1 Ke8 34.Ke2 Kd7 35.Ra6 Kc8 36.Kd3 Kb7 37.Ra4 Kc6
38.Kd4 Kxd6 39.Ra6+ Ke7 40.Kc5 g5 41.fxg5 Kf7 42.h4 h6 43.gxh6  1-0

[Event "RUS-ch"]
[Site "Elista"]
[Date "1995.??.??"]
[Round "4"]
[White "Dreev, Alexey"]
[Black "Namgilov, Sogto"]
[Result "1/2-1/2"]
[WhiteElo "2670"]
[BlackElo "2425"]

1.d4 Nf6 2.c4 e6 3.Nf3 b6 4.a3 Bb7 5.Nc3 Ne4 6.Nxe4 Bxe4 7.Nd2 Bb7 8.e4 Qf6
9.d5 Bc5 10.Qf3 Bd4 11.Rb1 d6 12.Qg3 Be5 13.Qg4 Bf4 14.g3 Bh6 15.Bg2 Nd7
16.O-O O-O 17.b4 a5 18.f4 Qd4+ 19.Kh1 axb4 20.axb4 Nf6 21.Qe2 Ra2 22.Nb3 Rxe2
23.Nxd4 Rxe4 24.Bxe4 Nxe4 25.Ra1 exd5 26.Ra7 Rb8 27.Re1 g6 28.b5 Nf2+ 29.Kg1 Nd3
30.Rxb7 Rxb7 31.Re8+ Bf8 32.f5 Nxc1 33.f6 Nd3 34.Nc6 h5 35.Ne7+ Kh7 36.Rxf8 Ne5
37.cxd5 Ra7 38.Nc6 Ra1+ 39.Kf2 Ng4+ 40.Ke2 g5 41.Rxf7+ Kg6 42.Rxc7 Ra2+ 43.Kd3 Rxh2
44.f7 Rf2 45.Rd7 Rxf7 46.Rxd6+ Kh7 47.Re6 h4 48.gxh4 gxh4 49.Ne5 Nxe5+ 50.Rxe5 Kg6
51.Re6+ Rf6 52.Re8 Kg5 53.Rg8+ Kf4 54.Rh8  1/2-1/2

[Event "RUS-ch"]
[Site "Elista"]
[Date "1995.??.??"]
[Round "8"]
[White "Dreev, Alexey"]
[Black "Rashkovsky, Nukhim N"]
[Result "1/2-1/2"]
[WhiteElo "2670"]
[BlackElo "2560"]

1.d4 Nf6 2.c4 e6 3.Nf3 Bb4+ 4.Nbd2 b6 5.e3 Bb7 6.Bd3 O-O 7.O-O d5 8.a3 Be7
9.cxd5 exd5 10.b4 Bd6 11.Bb2 Qe7 12.Nh4 g6 13.Nhf3 Nbd7 14.b5 a5 15.a4 Ne4
16.Qb3 f5 17.Ba3 g5 18.Rfc1 Rac8 19.Nf1 g4 20.Ne1 h5 21.Bb1 h4 22.Ra2 g3
23.fxg3 hxg3 24.Nxg3 Nxg3 25.hxg3 Qg5 26.Bxd6 cxd6 27.Rxc8 Rxc8 28.Rc2 Nf6
29.Nf3 Qxg3 30.Rxc8+ Bxc8 31.Qc2 Be6 32.Qf2 Qxf2+ 33.Kxf2 Ne4+ 34.Ke1 Kg7
35.Ng1 Bf7 36.Ne2 Kf6 37.Nf4 Kg5 38.Ba2 Nf6 39.Bb3 Kh4 40.Kf2 Ne4+ 41.Kg1 Nf6  1/2-1/2

[Event "RUS-ch"]
[Site "Elista"]
[Date "1995.??.??"]
[Round "9"]
[White "Dreev, Alexey"]
[Black "Ruban, Vadim"]
[Result "1/2-1/2"]
[WhiteElo "2670"]
[BlackElo "2535"]

1.d4 Nf6 2.c4 e6 3.Nf3 d5 4.Nc3 c5 5.cxd5 cxd4 6.Qxd4 Nxd5 7.e4 Nxc3 8.Qxc3 Nc6
9.Bd2 Qf6 10.Qxf6 gxf6 11.a3 Bc5 12.Bc3 Ke7 13.Rd1 Rg8 14.b4 Bb6 15.g3 a6
16.e5 fxe5 17.Nxe5 Nxe5 18.Bxe5 Bd7 19.Bd6+ Kf6 20.Bg2 Ba4 21.Rc1 Rad8 22.Bf4 Rd7
23.O-O e5 24.Be3 Bd4 25.Be4 Kg7 26.Bf5 Rd6 27.Rc7 Bc6 28.Bc8 Bb5 29.Re1 Bxe3
30.fxe3 Rc6 31.Rxc6 Bxc6 32.Bg4 Kf6 33.Rf1+ Ke7 34.Bf5  1/2-1/2

[Event "PCA/Intel-GP"]
[Site "London"]
[Date "1995.??.??"]
[Round "1"]
[White "Petursson, Margeir"]
[Black "Dreev, Alexey"]
[Result "1/2-1/2"]
[WhiteElo "2565"]
[BlackElo "2670"]

1.b3 d5 2.Bb2 c6 3.f4 Nf6 4.Nf3 g6 5.d3 Bg7 6.Nbd2 Qb6 7.Bd4 c5 8.Bb2 Nc6
9.e4 O-O 10.e5 Nh5 11.g3 f6 12.exf6 Bxf6 13.Bxf6 exf6 14.Be2 Bh3 15.c4 Rad8
16.Kf2 dxc4 17.Nxc4 Qc7 18.Re1 Ng7 19.Rc1 Rfe8 20.Qd2 b5 21.Ne3 Qb6 22.Bf1 Nb4
23.Rc3 Bxf1 24.Kxf1 Qc6 25.Kf2 Qd6 26.Rd1 Ne6 27.f5 Ng5 28.fxg6 hxg6 29.Nxg5 fxg5
30.Nf1 Rf8+ 31.Kg1 Qd4+ 32.Kh1 Nxd3 33.Rxd3 Qxd3 34.Qxd3 Rxd3 35.Rxd3 Rxf1+
36.Kg2 Ra1 37.Rd8+ Kg7 38.Rd7+ Kh6 39.Rxa7 c4 40.bxc4 bxc4 41.Kh3 c3 42.Rc7 Rxa2
43.Rxc3 g4+ 44.Kxg4 Rxh2 45.Rc8 Ra2  1/2-1/2

[Event "PCA/Intel-GP"]
[Site "London"]
[Date "1995.??.??"]
[Round "1"]
[White "Dreev, Alexey"]
[Black "Petursson, Margeir"]
[Result "1-0"]
[WhiteElo "2670"]
[BlackElo "2565"]

1.d4 Nf6 2.c4 e6 3.Nf3 Bb4+ 4.Nbd2 O-O 5.a3 Be7 6.e4 d6 7.Bd3 Nbd7 8.b4 e5
9.Bb2 exd4 10.Nxd4 c5 11.Nf5 Ne5 12.Nxe7+ Qxe7 13.Be2 Nc6 14.b5 Nd4 15.f3 Nh5
16.Bxd4 cxd4 17.O-O Qg5 18.Rf2 Nf4 19.Kh1 Ne6 20.Bf1 Qe3 21.Re2 Qc3 22.Qc1 Nc5
23.Re1 Be6 24.Qxc3 dxc3 25.Nb1 Na4 26.Rc1 Nb6 27.Rxc3 Rfc8 28.Nd2 Rc7 29.Rac1 Rac8
30.Kg1 Kf8 31.a4 a5 32.bxa6 bxa6 33.a5 Na4 34.Ra3 Nc5 35.Rb1 Rb7 36.Rxb7 Nxb7
37.Ra1 Rc5 38.Nb3 Rc8 39.Ra4 Nc5 40.Rb4 Nxb3 41.Rxb3 Rc5 42.Rb6 Rxa5 43.Rxd6 Ra1
44.Kf2 a5 45.f4 Ke7 46.Rb6 g6 47.Bd3 Ra2+ 48.Kf3 Ra3 49.Ke2 Ra2+ 50.Ke3 Rxg2
51.c5 Rxh2 52.Rb7+ Kd8 53.c6 Rh1 54.c7+ Ke8 55.Bb5+ Kf8 56.Bc4 Bd7 57.Bxf7 Rc1
58.Bd5 a4 59.e5 Ke7 60.c8=Q Rxc8 61.e6 Rd8 62.Ke4 Kd6 63.exd7 Rxd7 64.Rb4 Ra7
65.Ba2 a3 66.Rc4 Re7+ 67.Kf3 Ra7 68.Rc3 Ra4 69.Kg3 Ra7 70.Kg4 Ra5 71.Rd3+ Ke7
72.Rb3 h5+ 73.Kh4 Kf6 74.Rb6+ Kf5 75.Kg3 Ke4 76.Rxg6 Rb5 77.Ra6 h4+ 78.Kg4 Rb7
79.Ra4+ Ke3 80.Rxa3+ Kf2 81.Kxh4  1-0

[Event "PCA/Intel-GP"]
[Site "London"]
[Date "1995.??.??"]
[Round "2"]
[White "Dreev, Alexey"]
[Black "Ivanchuk, Vassily"]
[Result "1/2-1/2"]
[WhiteElo "2670"]
[BlackElo "2740"]

1.d4 Nf6 2.c4 g6 3.Nc3 d5 4.Bf4 Bg7 5.e3 c5 6.dxc5 Qa5 7.Qa4+ Qxa4 8.Nxa4 O-O
9.Nf3 Ne4 10.cxd5 Bd7 11.c6 bxc6 12.Bc4 c5 13.Bd3 Bxa4 14.Bxe4 Nd7 15.d6 Rae8
16.dxe7 Rxe7 17.Bd3 Bxb2 18.Rb1 Ne5 19.Bxe5 Bxe5 20.Ke2 Bc6 21.Rhc1 Rc8 22.Nxe5 Rxe5
23.g3 Be4 24.Rb2 Bxd3+ 25.Kxd3 Rd5+ 26.Kc4 Rd4+ 27.Kc3 Ra4 28.Rcc2 Rc6 29.Kb3  1/2-1/2

[Event "PCA/Intel-GP"]
[Site "London"]
[Date "1995.??.??"]
[Round "3"]
[White "Dreev, Alexey"]
[Black "Anand, Viswanathan"]
[Result "1-0"]
[WhiteElo "2670"]
[BlackElo "2725"]

1.d4 Nf6 2.Nf3 e6 3.c4 b6 4.a3 Ba6 5.Qc2 Bb7 6.Nc3 c5 7.e4 cxd4 8.Nxd4 Nc6
9.Nxc6 Bxc6 10.Bf4 Bc5 11.Be2 O-O 12.Rd1 a5 13.O-O Qc8 14.Rd2 Ne8 15.Rb1 a4
16.Rbd1 Qb7 17.Qd3 f5 18.exf5 Rxf5 19.Qg3 Nf6 20.Be3 Rf8 21.Bd4 h6 22.h4 Qa8
23.Bxc5 bxc5 24.Bd3 Nh5 25.Qg4 Nf6 26.Qg3 Nh5 27.Qg4 Re5 28.Re2 Qb8 29.Qg6 Nf6
30.Rdd2 Rxe2 31.Rxe2 Qf4 32.Qg3 Qxg3 33.fxg3 Rb8 34.Bc2 Ra8 35.Re5 Ra5 36.Nb5 Kf7
37.Rxc5 Ke7 38.Kf2 Ne8 39.Re5 Nc7 40.Bd3 d6 41.Nd4 Ra6 42.Ra5 Rb6 43.Nxc6+ Rxc6
44.Rxa4 d5 45.Ke3 Kd6 46.cxd5 Nxd5+ 47.Kd2 Nf6 48.Ra6 Ne4+ 49.Ke3 Rxa6 50.Bxa6 Nxg3
51.Bd3 Nh5 52.b4 Nf6 53.Bc4 Ng4+ 54.Ke4 Nf6+ 55.Kd3 Nh5 56.Ke3 Ng3 57.Bd3 Nh5
58.a4 Nf6 59.Bc4 Ng4+ 60.Ke4 Ne5 61.Be2 Nc6 62.b5 Na5 63.g4 Nb3 64.Bd1 Nc5+
65.Kd4 e5+ 66.Kc4 Nb7 67.Kb4 e4 68.a5 Nd8 69.a6 Kc7 70.Kc5 Ne6+ 71.Kd5 Nf8
72.Kxe4 Kb6 73.Be2 Ng6 74.h5 Nh4 75.Ke5 g6 76.Kd6 gxh5 77.a7  1-0

[Event "PCA/Intel-GP"]
[Site "London"]
[Date "1995.??.??"]
[Round "4"]
[White "Adams, Michael"]
[Black "Dreev, Alexey"]
[Result "1-0"]
[WhiteElo "2660"]
[BlackElo "2670"]

1.e4 e6 2.d4 d5 3.Nd2 c5 4.exd5 Qxd5 5.Ngf3 cxd4 6.Bc4 Qd8 7.O-O a6 8.Nb3 Qc7
9.Bd3 Nc6 10.Nbxd4 Nxd4 11.Nxd4 Bd6 12.h3 Ne7 13.Re1 O-O 14.Qh5 Ng6 15.Nf3 b5
16.Be3 Be7 17.a4 b4 18.a5 Bb7 19.Ng5 Bxg5 20.Qxg5 Qc6 21.Bb6 f5 22.f3 Rae8
23.Rad1 Rf6 24.b3 Nf8 25.Qf4 Rg6 26.Kh2 Nd7 27.Bc4 Nxb6 28.axb6 Qxb6 29.Re2 Qc5
30.Qd6 Qc8 31.Rde1 Kf7 32.Re5 Rf6 33.Rc5 Qb8 34.Bxe6+ Kg6 35.Bxf5+ Kh6 36.Qxb8 Rxb8
37.Bd3 g6 38.Re7 Bc6 39.g4  1-0

[Event "Novosibirsk"]
[Site "Novosibirsk"]
[Date "1995.??.??"]
[Round "1"]
[White "Dreev, Alexey"]
[Black "Kharlov, Andrei"]
[Result "0-1"]
[WhiteElo "2670"]
[BlackElo "2555"]

1.d4 d5 2.c4 e6 3.Nf3 Nf6 4.Nc3 dxc4 5.e4 Bb4 6.Bg5 c5 7.e5 cxd4 8.Nxd4 Bxc3+
9.bxc3 Qa5 10.exf6 Qxg5 11.fxg7 Qxg7 12.Qd2 O-O 13.Bxc4 Rd8 14.Qe3 Bd7 15.O-O Nc6
16.Nf3 Ne7 17.Ne5 Ng6 18.f4 Rac8 19.Be2 Nxe5 20.fxe5 Bc6 21.Bf3 Bd5 22.Rab1 b6
23.Rb4 Bxf3 24.Rxf3 Rd1+ 25.Kf2 Rcd8 26.Rd4 R1xd4 27.cxd4 Kh8 28.Rg3 Qf8
29.Qg5 h6 30.Qf6+ Kh7 31.Rg4 Rd7 32.Kg3 b5 33.Kh4 Qh8 34.Qf3 Qf8 35.Kh5 b4
36.Qe4+ Kh8 37.Rf4 Qg8 38.Rg4 Qf8 39.Qe3 f5 40.Rg6 Qe8 41.Kxh6 Rh7+ 42.Kg5 Qe7+
43.Rf6 Rg7+ 44.Kh4 Rg6  0-1

[Event "Novosibirsk"]
[Site "Novosibirsk"]
[Date "1995.??.??"]
[Round "5"]
[White "Dreev, Alexey"]
[Black "Ehlvest, Jaan"]
[Result "1/2-1/2"]
[WhiteElo "2670"]
[BlackElo "2630"]

1.d4 Nf6 2.c4 e6 3.Nf3 b6 4.a3 Bb7 5.Nc3 d5 6.Qc2 Be7 7.cxd5 Nxd5 8.Bd2 O-O
9.e4 Nxc3 10.Bxc3 c5 11.dxc5  1/2-1/2

[Event "Novosibirsk"]
[Site "Novosibirsk"]
[Date "1995.??.??"]
[Round "7"]
[White "Dreev, Alexey"]
[Black "Smirin, Ilia"]
[Result "1/2-1/2"]
[WhiteElo "2670"]
[BlackElo "2630"]

1.d4 Nf6 2.c4 g6 3.Nc3 Bg7 4.e4 d6 5.f3 O-O 6.Bg5 a6 7.Qd2 Nbd7 8.Nge2 c5
9.Bh6 Bxh6 10.Qxh6 b5 11.h4 b4 12.Nd5 e5 13.dxe5  1/2-1/2

[Event "Novosibirsk"]
[Site "Novosibirsk"]
[Date "1995.??.??"]
[Round "8"]
[White "Dreev, Alexey"]
[Black "Rublevsky, Sergei"]
[Result "1/2-1/2"]
[WhiteElo "2670"]
[BlackElo "2595"]

1.d4 d5 2.c4 dxc4 3.e3 Nf6 4.Bxc4 e6 5.Nf3 c5 6.O-O a6 7.Bd3 Nbd7 8.Qe2 b6
9.Rd1 Bb7 10.Nbd2 Qc7 11.a4 Be7 12.Nc4 O-O 13.Bd2 b5 14.Ba5 Qc6 15.Ncd2 c4
16.Bc2 Nd5 17.Be4 f5 18.Bb1 N7f6 19.Ne5 Nf4 20.Qf3 Qc8 21.Qxf4 Nh5 22.Ng6 hxg6
23.Qc7 Qxc7 24.Bxc7 Bb4 25.Nf3 Rfc8 26.Be5 Bd5 27.Bc2 Nf6 28.Ng5 Be7 29.f3 Nh7
30.Nh3 g5 31.e4 fxe4 32.fxe4 Bb7 33.Re1 Bf6 34.Bxf6 gxf6 35.e5 f5 36.g4 c3
37.Bb3 Nf8 38.Nxg5 cxb2 39.Rab1 bxa4 40.Bxa4 Rc4 41.Bd1 Rxd4 42.Rxb2 Rad8
43.Be2 R8d7 44.Rb6 fxg4 45.Nxe6  1/2-1/2

[Event "Novosibirsk"]
[Site "Novosibirsk"]
[Date "1995.??.??"]
[Round "9"]
[White "Ruban, Vadim"]
[Black "Dreev, Alexey"]
[Result "1/2-1/2"]
[WhiteElo "2535"]
[BlackElo "2670"]

1.d4 d5 2.c4 c6 3.Nf3 Nf6 4.Nc3 a6 5.Ne5 dxc4 6.Nxc4 b5 7.Ne5 Bb7 8.Bg5 h6
9.Bh4 e6 10.e3 c5 11.dxc5 Qxd1+ 12.Rxd1 Bxc5 13.Rc1 Bd6 14.Nd3 Nbd7 15.f3 Rc8
16.e4 Ne5 17.Bg3 Nfd7 18.a3 h5 19.Nxe5 Nxe5 20.Be2 h4 21.Bf2 Ke7 22.Be3 Nc4
23.Bxc4 Rxc4 24.h3 Rhc8 25.Kd2 Be5 26.Rc2 a5 27.Rhc1 b4 28.axb4 axb4 29.Nd1 Rxc2+
30.Rxc2 Rxc2+ 31.Kxc2 Ba6 32.Bd2 Bd6 33.Bg5+ Kd7 34.Bxh4 Bf4 35.Be1 Bf1 36.g3 Bd6
37.Ne3 Bxh3 38.Kd3 b3 39.Nc4 Bc7 40.f4 Bg2 41.Bf2 f5 42.exf5 exf5 43.Kc3 Bd5
44.Kxb3 Ba5 45.Ka4 Bxc4 46.Kxa5 Kc6  1/2-1/2

[Event "Novosibirsk"]
[Site "Novosibirsk"]
[Date "1995.??.??"]
[Round "10"]
[White "Dreev, Alexey"]
[Black "Vyzmanavin, Alexey"]
[Result "1/2-1/2"]
[WhiteElo "2670"]
[BlackElo "2605"]

1.d4 Nf6 2.c4 e6 3.Nf3 b6 4.g3 Bb7 5.Nc3 d5 6.Qc2 Be7 7.cxd5 Nxd5 8.Bd2 O-O
9.e4 Nxc3 10.Bxc3 c5 11.dxc5 bxc5 12.Rd1 Qb6 13.Ne5 Qc7 14.Bd3 Bf6 15.Nc4 Bxc3+
16.Qxc3 Nc6 17.O-O Nd4 18.Rfe1 Rfd8 19.Na5  1/2-1/2

[Event "Hoogovens"]
[Site "Wijk aan Zee"]
[Date "1995.??.??"]
[Round "?"]
[White "Dreev, Alexey"]
[Black "Zapata, Alonso"]
[Result "1-0"]
[WhiteElo "2650"]
[BlackElo "2565"]

1.d4 Nf6 2.c4 d6 3.Nc3 Nbd7 4.e4 e5 5.Nge2 Be7 6.f3 O-O 7.Be3 c6 8.Ng3 Ne8
9.Qd2 g6 10.Bd3 Ng7 11.O-O Ne6 12.d5 Nd4 13.f4 exf4 14.Bxf4 c5 15.Kh1 Ne5
16.Be3 Ng4 17.Bf4 Bf6 18.Nge2 a6 19.Rab1 Bg7 20.Bg5 Qc7 21.h3 Nxe2 22.Bxe2 Ne5
23.Rf2 Bd7 24.Rbf1 Rae8 25.Bf6 Bc8 26.Bxg7 Kxg7 27.Qg5 Qd8 28.Qxd8 Rxd8 29.Rb1 Rfe8
30.b4 cxb4 31.Rxb4 Re7 32.Na4 Rc7 33.Nb6 Bd7 34.Rf1 Be8 35.Kg1 Rc5 36.Rd1 Ra5
37.Rd2 h5 38.Kf2 Kf6 39.Ke3 Kg5 40.Kd4 h4 41.Bd1 f6 42.Rf2 Bd7 43.Rb3 f5
44.exf5 Bxf5 45.Re3 Re8 46.Rfe2 Rb8 47.Bb3 Kf6 48.Rxe5 dxe5+ 49.Rxe5 Rd8
50.a4 Rd6 51.c5 Rxb6 52.cxb6 Bd7 53.Re1 g5 54.Re2 Kf5 55.Rf2+ Kg6 56.Ke5 g4
57.hxg4  1-0

[Event "Hoogovens"]
[Site "Wijk aan Zee"]
[Date "1995.??.??"]
[Round "?"]
[White "Zapata, Alonso"]
[Black "Dreev, Alexey"]
[Result "0-1"]
[WhiteElo "2565"]
[BlackElo "2650"]

1.e4 e6 2.d4 d5 3.Nd2 c5 4.exd5 Qxd5 5.Ngf3 cxd4 6.Bc4 Qd8 7.O-O a6 8.Nb3 Qc7
9.Qe2 Bd6 10.Nbxd4 Ne7 11.Rd1 Nbc6 12.Bg5 Nxd4 13.Nxd4 O-O 14.Bxe6 fxe6 15.Nxe6 Bxh2+
16.Kh1 Qe5 17.Qxe5 Bxe5 18.Nxf8 Kxf8 19.Rd8+ Kf7 20.Bxe7 Kxe7 21.Rh8 Rb8
22.Rxh7 Bf5 23.Rh5 Kf6 24.c3 Bg4 25.Rh4 Kg5 26.g3 Bf3+ 27.Kg1 Kf5 28.Re1 g5
29.Rh7 Bf6 30.Kf1 Kg6 31.Rh2 g4  0-1

[Event "Hoogovens"]
[Site "Wijk aan Zee"]
[Date "1995.??.??"]
[Round "3.2"]
[White "Seirawan, Yasser"]
[Black "Dreev, Alexey"]
[Result "1-0"]
[WhiteElo "2585"]
[BlackElo "2650"]

1.c4 c6 2.e4 d5 3.exd5 cxd5 4.cxd5 Nf6 5.Qa4+ Bd7 6.Qb3 Na6 7.Nc3 Nc5 8.Qd1 g6
9.Bc4 Rc8 10.Nge2 Bg7 11.O-O O-O 12.a4 Bg4 13.h3 Ncd7 14.d3 Bxe2 15.Qxe2 Nb6
16.Be3 a6 17.Bxb6 Qxb6 18.Qxe7 Qxb2 19.Qa3 Qxa3 20.Rxa3 Nd7 21.Ne4 Nc5 22.Nxc5 Rxc5
23.a5 Ra8 24.Rb1 Rc7 25.Rab3 Ra7 26.g4 Bd4 27.Re1 Kf8 28.Re4 Bc5 29.g5 Ra8
30.Kg2 Rd8 31.h4 Rdd7 32.Kf3 Bd6 33.Re2 Kg7 34.Kg4 h5+ 35.Kf3 Kf8 36.Rb1 Rd8
37.Reb2 Rdd7 38.Ke2 Re7+ 39.Kf3 Ke8 40.Rb6 Red7 41.Bb3 Kf8 42.Ba4 Rd8 43.Rxb7 Rc5
44.R1b6 Rxa5 45.Bc6 Ra2 46.d4 Ra3+ 47.Kg2 Rd3 48.Bd7 Rxd4 49.Rxd6 Ke7 50.Rf6 Rxd7
51.Rxd7+ Kxd7 52.Rxf7+ Kd6 53.Rf6+ Kxd5 54.Rxg6 Rxh4 55.f3 Rf4 56.Rxa6 h4
57.g6 Rf8 58.g7 Rg8 59.Rg6 Ke5 60.Kh3 Kf5 61.Rg1 Kf6 62.Kxh4  1-0

[Event "Hoogovens"]
[Site "Wijk aan Zee"]
[Date "1995.??.??"]
[Round "3.1"]
[White "Dreev, Alexey"]
[Black "Seirawan, Yasser"]
[Result "1-0"]
[WhiteElo "2650"]
[BlackElo "2585"]

1.d4 Nf6 2.Nf3 e6 3.c4 b6 4.a3 c6 5.Nc3 d5 6.cxd5 cxd5 7.Bf4 a6 8.Rc1 Bb7
9.e3 Nc6 10.Nb5 Rc8 11.Qa4 Nd7 12.Nc7+ Rxc7 13.Bxa6 Bxa6 14.Bxc7 Qxc7 15.Rxc6 Qb7
16.Ne5 Be7 17.b4 f6 18.b5 Bxb5 19.Qxb5 fxe5 20.O-O exd4 21.Rfc1 Kd8 22.exd4 Rf8
23.a4 Bg5 24.R1c2 Rf4 25.a5 Rxd4 26.g3 Rd1+ 27.Kg2 Ra1 28.axb6 Nb8 29.Rd6+  1-0

[Event "Hoogovens rapid"]
[Site "Wijk aan Zee"]
[Date "1995.??.??"]
[Round "3.3"]
[White "Dreev, Alexey"]
[Black "Seirawan, Yasser"]
[Result "1-0"]
[WhiteElo "2650"]
[BlackElo "2585"]

1.d4 g6 2.e4 Bg7 3.Nc3 d6 4.Bg5 c6 5.Qd2 b5 6.f4 Nd7 7.Nf3 Nb6 8.a4 b4 9.Nd1 a5
10.c3 bxc3 11.bxc3 Nf6 12.Nf2 O-O 13.Bd3 Ba6 14.Bxa6 Rxa6 15.O-O Qc7 16.f5 Ra7
17.Bh6 Nc4 18.Qg5 e5 19.fxe6 fxe6 20.Rae1 Bxh6 21.Qxh6 Qg7 22.Qxg7+ Kxg7
23.e5 dxe5 24.dxe5 Nd7 25.Nd3 Ndb6 26.Nc5 Re8 27.Nd4 Rae7 28.Rf4 h5 29.h4 Nb2
30.Rf6 Nd5 31.Rxe6 Rxe6 32.Ndxe6+ Kh6 33.Ng5 Nxc3 34.Rf1 Re7 35.Rf8 Rxe5
36.Nce6 Rxe6 37.Nxe6 Kh7 38.Rf7+ Kh8 39.Rc7 Nbxa4 40.Rxc6 Ne4 41.Ra6 Nac3
42.Rxa5 Ne2+ 43.Kh2 N4g3 44.Re5 Kh7  1-0

[Event "Hoogovens rapid"]
[Site "Wijk aan Zee"]
[Date "1995.??.??"]
[Round "3.3"]
[White "Seirawan, Yasser"]
[Black "Dreev, Alexey"]
[Result "0-1"]
[WhiteElo "2585"]
[BlackElo "2650"]

1.c4 e6 2.d4 d5 3.Nc3 c6 4.e3 Nf6 5.Nf3 Nbd7 6.Qc2 Bd6 7.b3 O-O 8.Be2 b6
9.O-O Bb7 10.e4 dxe4 11.Nxe4 Nxe4 12.Qxe4 Nf6 13.Qh4 c5 14.Bb2 Ne4 15.Qh3 Ng5
16.Nxg5 Qxg5 17.dxc5 Bxc5 18.Qg3 Qxg3 19.hxg3 Rfd8 20.Rfd1 f6 21.Bf3 Bxf3
22.gxf3 e5 23.Kf1 h5 24.Ke2 Kf7 25.a3 Ke6 26.Rxd8 Rxd8 27.b4 Bxf2 28.g4 h4
29.Rc1 Bg3 30.Bc3 h3 31.c5 bxc5 32.bxc5 h2 33.Bb4 Bf4 34.Rh1 Rd4 35.Rb1 Rc4  0-1